000 00732nam a2200265Ia 4500
003 OSt
005 20220926005744.0
006 a|||||r|||| 00| 0
007 ta
008 220923b |||||||| |||| 00| 0 eng d
020 _a007460208x
037 _cGeneral Book
040 _aRTL
_cRTL
_beng
041 _2eng
_aeng
082 _aX:8D, M1;N2/TD3
100 _aKhan M Y
_9130349
245 0 _aFinancial Management.
_b Text and problems
250 _a2
260 _a New Delhi
_bTata McGraw-Hill
_c1992
300 _axvi,787p.
_ccm.
500 _aBibliography: P 745-750
700 _a Jain P K
_926408
942 _hX:8D, M1;N2/TD3
_cGB
_2CC
999 _c615119
_d615119